| 000 | 01106 a2200217 4500 | ||
|---|---|---|---|
| 001 | 27473 | ||
| 005 | 20260407155549.0 | ||
| 008 | 260407a2008 arg spa d | ||
| 003 | AR-UNSa-BCEJYS | ||
| 040 |
_aAR-UNSa-BCEJYS _bspa _cAR-UNSa-BCEJYS |
||
| 080 |
_a349.2 _xDerecho del Trabajo |
||
| 245 | 1 | 0 | _aSolidaridad laboral en la contratación y subcontratación de servicios |
| 020 | _a978-987-01-0866-5 | ||
| 264 | 1 |
_aBuenos Aires : _bErrepar _c2008 |
|
| 300 |
_a285 p. _c21 cm. |
||
| 505 | _a1. Contratación y subcontratación de servicios - 2. Contratos de distribución comercial - 3. Subcontrataciones en la industria de la construcción - 4. Tareas coadyuvantes. Vigilancia - 5. Las subcontrataciones del estado - 6. Alcances de la responsabilidad laboral - 7. Opinión y prespectiva - 8. Jurisprudencia sistematizada | ||
| 942 | _cBK | ||
| 590 | _aniveau_biblio:m niveau_hierar:0 | ||
| 100 | 1 | _aGarcía Vior, Andrea E. | |
| 856 | 4 | 1 |
_uhttps://biblioeco.unsa.edu.ar/pmb/images/libros/Solidaridad laboral en la contratacion y subcontratacion de servicio-l117933.jpg _yImagen de portada _qimage/jpeg |
| 999 |
_c1596 _d1596 |
||